000 00284 a2200145 4500
001 177538
020 _a
040 _cMagnum
100 _aGrafalco
240 1 0 _aCaperucita roja
_lESP
245 1 0 _aCaperucita roja
362 0 _a1899
697 _aMAGNITO: I/CONTO
942 _cBK
999 _c177538
_d177538